| 000 | 00652nam a22001937a 4500 | ||
|---|---|---|---|
| 999 |
_c6113 _d6113 |
||
| 003 | AR-CdUCM | ||
| 008 | 190313b ||||| |||| 00| 0 esp d | ||
| 040 |
_aMUNICIPALIDAD PROVINCIAL DEL CUSCO _cBIBLIOTECA MUNICIPAL DEL CUSCO |
||
| 082 |
_a869.913 / _bA62 |
||
| 245 | _aGuatemala tu nombre inmortal / | ||
| 260 |
_aQuito : _bRevista de Guatemala, _c1956. |
||
| 300 |
_a205 paginas ; _c21 cm. |
||
| 500 | _aDonación de la familia Luis Nieto. | ||
| 505 | _aMiguel Brasco -- Edmundo Camargo -- Rafael Alberti -- Luis Cardoza y Aragón -- Elvio Romero ... | ||
| 650 |
_aPoetas _91966 |
||
| 650 |
_aPoesía _9139 |
||
| 942 |
_2ddc _cLIBROS |
||
| 945 | _aacrt | ||